000 00688cam a2200205 a 4500
001 000006346
005 20200929153923.0
008 780615s1970 pr 000 j spa
040 _aDO-SdBNP
_cMB
_dDLC
082 _a863.44
_bB641c
100 1 _aBlanco, Tomás,
_d1910-1990.
_917670
245 1 0 _aCuentos sin ton ni son. /
_cPrólogo de Margot Arce de Vázquez.
260 _aSan Juan, (Puerto Rico) :
_bInstituto de Cultura Puertorriqueña,
_c1970.
300 _a195 p. ;
_c19 cm.
490 1 _aBiblioteca popular
650 4 _aCuentos españoles
_93194
650 4 _aLiteratura española
_ySIGLO XX
_93326
830 0 _aBiblioteca popular
_95059
910 _aCatalogación por copia / LC
999 _c6141
_d6141